Gates : (Record no. 1228)

000 -LEADER
fixed length control field 01696nam a22004337a 4500
001 - CONTROL NUMBER
control field 2052962
003 - CONTROL NUMBER IDENTIFIER
control field OSt
005 - DATE AND TIME OF LATEST TRANSACTION
control field 20210426111552.0
008 - FIXED-LENGTH DATA ELEMENTS--GENERAL INFORMATION
fixed length control field 931118s1994 nyua b 001 0beng
010 ## - LIBRARY OF CONGRESS CONTROL NUMBER
LC control number 93044519
020 ## - INTERNATIONAL STANDARD BOOK NUMBER
International Standard Book Number 0671880748
040 ## - CATALOGING SOURCE
Original cataloging agency DLC
Transcribing agency DLC
Modifying agency DLC
Language of cataloging eng
041 ## - LANGUAGE CODE
Language code of text/sound track or separate title eng
043 ## - GEOGRAPHIC AREA CODE
Geographic area code n-us---
050 00 - LIBRARY OF CONGRESS CALL NUMBER
Classification number HD9696.C62
Item number G336 1994
080 ## - UNIVERSAL DECIMAL CLASSIFICATION NUMBER
Universal Decimal Classification number 92
Item number M-24
082 00 - DEWEY DECIMAL CLASSIFICATION NUMBER
Classification number 338.7/610053/092
-- B
Edition number 20
100 1# - MAIN ENTRY--PERSONAL NAME
Personal name Manes, Stephen,
Dates associated with a name 1949-
245 10 - TITLE STATEMENT
Title Gates :
Remainder of title how Microsoft's mogul reinvented an industry and made himself the richest man in America /
Statement of responsibility, etc. / by: Simon and Schuster
250 ## - EDITION STATEMENT
Edition statement 1st Touchstone edition
260 ## - PUBLICATION, DISTRIBUTION, ETC.
Place of publication, distribution, etc. New York :
Name of publisher, distributor, etc. Simon and Schuster
Date of publication, distribution, etc. 1994.
300 ## - PHYSICAL DESCRIPTION
Extent xiv, 541 p.
Other physical details ill.
Dimensions 24 cm.
365 ## - TRADE PRICE
Price amount 14 usd
500 ## - GENERAL NOTE
General note "A Touchstone book."
504 ## - BIBLIOGRAPHY, ETC. NOTE
Bibliography, etc. note Includes bibliographical references (p. [520]-522) and index.
600 10 - SUBJECT ADDED ENTRY--PERSONAL NAME
Personal name Gates, Bill,
Dates associated with a name 1955-
610 20 - SUBJECT ADDED ENTRY--CORPORATE NAME
Corporate name or jurisdiction name as entry element Microsoft Corporation
General subdivision History.
650 #0 - SUBJECT ADDED ENTRY--TOPICAL TERM
Topical term or geographic name entry element Businesspeople
Geographic subdivision United States
General subdivision Biography.
650 #0 - SUBJECT ADDED ENTRY--TOPICAL TERM
Topical term or geographic name entry element Biography
9 (RLIN) 237
650 #0 - SUBJECT ADDED ENTRY--TOPICAL TERM
Topical term or geographic name entry element Computer software industry
Geographic subdivision United States
General subdivision History.
653 ## - INDEX TERM--UNCONTROLLED
Uncontrolled term ბიოგრაფია
700 1# - ADDED ENTRY--PERSONAL NAME
Personal name Andrews, Paul,
Dates associated with a name 1949-
856 42 - ELECTRONIC LOCATION AND ACCESS
Materials specified Contributor biographical information
Uniform Resource Identifier <a href="http://www.loc.gov/catdir/bios/simon051/93044519.html">http://www.loc.gov/catdir/bios/simon051/93044519.html</a>
856 42 - ELECTRONIC LOCATION AND ACCESS
Materials specified Publisher description
Uniform Resource Identifier <a href="http://www.loc.gov/catdir/description/simon033/93044519.html">http://www.loc.gov/catdir/description/simon033/93044519.html</a>
856 41 - ELECTRONIC LOCATION AND ACCESS
Materials specified Sample text
Uniform Resource Identifier <a href="http://www.loc.gov/catdir/enhancements/fy0641/93044519-s.html">http://www.loc.gov/catdir/enhancements/fy0641/93044519-s.html</a>
906 ## - LOCAL DATA ELEMENT F, LDF (RLIN)
a 7
b cbc
c orignew
d 1
e ocip
f 19
g y-gencatlg
942 ## - ADDED ENTRY ELEMENTS (KOHA)
Source of classification or shelving scheme
Koha item type Books
Edition 1
Holdings
Withdrawn status Lost status Source of classification or shelving scheme Damaged status Not for loan Permanent location Current location Date acquired Inventory number Total Checkouts Full call number Barcode Date last seen Price effective from Koha item type
          Ken Walker International University Ken Walker International University 02/04/2021 1354   92 M-24 1354 02/04/2021 02/04/2021 Books

Powered by Koha